Every Childish Gambino Song on the Billboard Hot 100 - Statistics

General Stats
  • This quiz has been taken 224 times
    199 since last reset
  • The average score is 4 of 8
Answer Stats
# Year Song % Correct
1 2018 This Is America
90%
12 2017 Redbone
87%
64 2014 V. 3005
80%
68 2016 Me And Your Mama
56%
54 2018 Feels Like Summer
44%
44 2018 Summertime Magic
27%
90 2019 Mood 4 Eva (Beyoncé & Jay-Z) ft. Oumou Sangare
3%
86 2013 I. Crawl
2%
No matching quizzes found
Score Distribution
Percent of People with Each Score
Percentile by Number Answered
Your Score History
You have not taken this quiz since the last reset